| 000 | 00495nam a2200157Ia 4500 | ||
|---|---|---|---|
| 008 | 230917s9999||||xx |||||||||||||| ||und|| | ||
| 020 | _cRS12 | ||
| 040 |
_e172227 _aMAIN |
||
| 041 | _aEnglish | ||
| 082 | _a891.437731 NK153S | ||
| 100 | _aकन्हैयालाल नन्दन, सम्पा. | ||
| 245 | 0 | _aश्रेष्ठ व्यग्यं कथाएं | |
| 260 |
_aदिल्ली _bपराग प्रकाशन _c1976 |
||
| 300 | _a1992 p. | ||
| 942 | _cHN | ||
| 999 |
_c180000 _d180000 |
||